Music Quiz

Random Music or Song Quiz
Score 0/211 Timer 15:00
0 Plays Today
% Correct
my
100%
if
100%
you
100%
my
100%
love
100%
you
100%
tell
100%
my
100%
if
100%
a
100%
soulmate
100%
the
100%
love
100%
you
100%
tell
100%
my
100%
if
100%
a
100%
soulmate
100%
if
100%
a
100%
soulmate
100%
so
100%
the
100%
love
100%
you
100%
tell
100%
my
100%
if
100%
a
100%
soulmate
100%
love
100%
you
100%
tell
100%
my
100%
if
100%
a
100%
soulmate
100%
if
100%
a
100%
soulmate
100%
to
93.8%
to
93.8%
is
93.8%
is
93.8%
in
93.8%
in
93.8%
me
93.8%
in
93.8%
who
93.8%
doesn't
93.8%
for
93.8%
someone
93.8%
to
93.8%
hold
93.8%
who
93.8%
knows
93.8%
how
93.8%
to
93.8%
without
93.8%
being
93.8%
told
93.8%
somebody
93.8%
me
93.8%
why
93.8%
i'm
93.8%
on
93.8%
own
93.8%
there's
93.8%
for
93.8%
everyone
93.8%
% Correct
how
93.8%
there's
93.8%
for
93.8%
everyone
93.8%
I'm
93.8%
in
93.8%
who
93.8%
doesn't
93.8%
for
93.8%
someone
93.8%
to
93.8%
hold
93.8%
who
93.8%
knows
93.8%
how
93.8%
to
93.8%
without
93.8%
being
93.8%
told
93.8%
somebody
93.8%
why
93.8%
me
93.8%
I'm
93.8%
on
93.8%
own
93.8%
there's
93.8%
for
93.8%
everyone
93.8%
there's
93.8%
for
93.8%
everyone
93.8%
who
93.8%
doesn't
93.8%
for
93.8%
someone
93.8%
to
93.8%
hold
93.8%
who
93.8%
knows
93.8%
how
93.8%
to
93.8%
without
93.8%
being
93.8%
told
93.8%
somebody
93.8%
me
93.8%
why
93.8%
i'm
93.8%
on
93.8%
own
93.8%
there's
93.8%
for
93.8%
everyone
93.8%
who
93.8%
doesn't
93.8%
for
93.8%
someone
93.8%
to
93.8%
hold
93.8%
who
93.8%
knows
93.8%
how
93.8%
to
93.8%
without
93.8%
being
93.8%
told
93.8%
somebody
93.8%
me
93.8%
why
93.8%
i'm
93.8%
on
93.8%
% Correct
own
93.8%
there's
93.8%
for
93.8%
everyone
93.8%
there's
93.8%
for
93.8%
everyone
93.8%
it
87.5%
out
87.5%
do
87.5%
you're
87.5%
not
87.5%
easy
87.5%
find
87.5%
it
87.5%
mr
87.5%
life
87.5%
you're
87.5%
do
87.5%
find
87.5%
not
87.5%
speak
81.3%
possible
81.3%
already
81.3%
long
81.3%
long
81.3%
long
81.3%
long
81.3%
don't
75%
matter
75%
though
75%
maybe
75%
we
75%
end
75%
still
75%
waiting
75%
line
75%
Incompatible
68.8%
'cause
68.8%
bound
68.8%
loveable
68.8%
right
68.8%
front
68.8%
of
68.8%
or
68.8%
disguise
68.8%
here
68.8%
are
68.8%
again
68.8%
never
68.8%
perfect
68.8%
enough
68.8%
but
68.8%
seem
68.8%
but
68.8%
someone's
62.5%
hear
62.5%
cry
62.5%
circles
62.5%
I
62.5%
fit
62.5%
most
56.3%
relationships
56.3%
they're
56.3%
all
56.3%
good
56.3%
permanent
56.3%
one
56.3%
transitory
43.8%
Remove Ads.
Support Sporcle.
Get the best of Sporcle when you Go Orange. This ad-free experience offers more features, more stats, and more fun while also helping to support Sporcle. Thank you for becoming a member.

You're not logged in!

Compare scores with friends on all Sporcle quizzes.
OR
Log In

Show Comments

Extras

Created Aug 1, 2012ReportNominate
Tags:Lyrics Quiz, Song Quiz

Top Quizzes Today


Score Distribution

Your Account Isn't Verified!

In order to create a playlist on Sporcle, you need to verify the email address you used during registration. Go to your Sporcle Settings to finish the process.

Report this User

Report this user for behavior that violates our Community Guidelines.

Details: